[Event "Toronto1"]
[Site "Toronto"]
[Date "1990.??.??"]
[Round "6"]
[White "Kozul, Zdenko"]
[Black "Marovic, Drazen"]
[Result "1-0"]
[WhiteElo "2575"]
[BlackElo "2470"]
[PlyCount "99"]
[EventDate "1990.04.??"]
[EventType "tourn"]
[EventRounds "11"]
[EventCountry "CAN"]
[EventCategory "9"]
[SourceTitle "CBM 020"]
[Source "ChessBase"]
[SourceDate "1991.02.01"]
[SourceVersion "1"]
[SourceVersionDate "1991.02.01"]
[SourceQuality "1"]

1. d4 Nf6 2. c4 g6 3. Nc3 Bg7 4. e4 d6 5. Nf3 0-0 6. Be2 c5 7. d5 e6 8. 0-0 Re8 9. Nd2 Na6 10. f4 exd5 11. cxd5 Nc7 12. a4 b6 13. Re1 Rb8 14. Bf3 a6 15. Nc4 b5 16. Nxd6 Qxd6 17. e5 Qd8 18. d6 Ne6 19. axb5 axb5 20. exf6 Bxf6 21. Nd5 Bd4+ 22. Be3 Bb7 23. Bxd4 Bxd5 24. Be5 Bxf3 25. Qxf3 Qd7 26. Red1 c4 27. Qf2 Rb7 28. Qh4 f5 29. Qf6 Ng7 30. Rd5 Rf8 31. Qh4 Qc6 32. Rad1 Rd7 33. Qe1 Ne6 34. Qb4 Rb8 35. h3 Kf7 36. Kh2 Rbb7 37. b3 Rd8 38. Qe1 Rbd7 39. Qh4 Kg8 40. b4 Re8 41. Qf6 Ng7 42. Rc5 Qa8 43. Rc7 Qd8 44. Qxg7+ Rxg7 45. Rxg7+ Kf8 46. Rxh7 Kg8 47. Rh8+ Kf7 48. Rxe8 Kxe8 49. d7+ Ke7 50. Bd4 1-0

[Event "Toronto1"]
[Site "Toronto"]
[Date "1990.??.??"]
[Round "5"]
[White "Marovic, Drazen"]
[Black "Lesiege, Alexandre"]
[Result "1/2-1/2"]
[WhiteElo "2470"]
[BlackElo "2295"]
[PlyCount "78"]
[EventDate "1990.04.??"]
[EventType "tourn"]
[EventRounds "11"]
[EventCountry "CAN"]
[EventCategory "9"]
[SourceTitle "CBM 020"]
[Source "ChessBase"]
[SourceDate "1991.02.01"]
[SourceVersion "1"]
[SourceVersionDate "1991.02.01"]
[SourceQuality "1"]

1. Nf3 Nf6 2. d4 g6 3. Bg5 Bg7 4. Nbd2 0-0 5. e4 c5 6. dxc5 Qa5 7. e5 Ng4 8. Bxe7 Re8 9. Bd6 Nxe5 10. Nxe5 Bxe5 11. Bxe5 Qxc5 12. Be2 Qxe5 13. Nc4 Qf6 14. Nd6 Re6 15. Nxc8 Nc6 16. 0-0 Rxc8 17. c3 Rd6 18. Qc1 Nd4 19. Bd1 Rc5 20. Re1 Kg7 21. Qe3 Re6 22. Qd2 Rxe1+ 23. Qxe1 Re5 24. Qf1 Qe6 25. Ba4 Ne2+ 26. Kh1 Nf4 27. Bb3 Qf5 28. Rd1 d5 29. g3 Nh3 30. f3 h5 31. Kg2 Ng5 32. Qd3 Qxd3 33. Rxd3 Re2+ 34. Kf1 Rxh2 35. Rxd5 Nxf3 36. Rd7 Nd2+ 37. Kg1 Nf3+ 38. Kf1 Nd2+ 39. Kg1 Nf3+ 1/2-1/2

[Event "Rome"]
[Site "Rome"]
[Date "1982.??.??"]
[Round "?"]
[White "Pinter, Jozsef"]
[Black "Marovic, Drazen"]
[Result "1-0"]
[WhiteElo "2520"]
[BlackElo "2440"]
[PlyCount "69"]
[EventDate "1982.02.??"]
[EventType "tourn"]
[EventRounds "9"]
[EventCountry "ITA"]
[EventCategory "9"]
[SourceTitle "MCD"]
[Source "ChessBase"]
[SourceDate "1999.07.01"]
[SourceVersion "1"]
[SourceVersionDate "1999.07.01"]
[SourceQuality "1"]

1. Nf3 d5 2. d4 c6 3. c4 Nf6 4. Nc3 dxc4 5. e3 b5 6. a4 b4 7. Nb1 Ba6 8. Qc2 e6 9. Nbd2 Be7 10. Bxc4 Bxc4 11. Nxc4 Nbd7 12. 0-0 c5 13. b3 0-0 14. Bb2 Rc8 15. Rfd1 Qc7 16. Rac1 Rfd8 17. Qb1 h6 18. h3 Qb7 19. Nfe5 Nd5 20. Qe4 f5 21. Qf3 cxd4 22. Bxd4 Nxe5 23. Bxe5 Bf8 24. Rd3 Rd7 25. Rcd1 Rcd8 26. g4 g6 27. gxf5 gxf5 28. Kh2 Bg7 29. Rg1 Kf8 30. Qh5 Nf6 31. Bxf6 Qc7+ 32. f4 Bxf6 33. Qxh6+ Bg7 34. Rxg7 Rxg7 35. Qf6+ 1-0

[Event "Costa del Sol-21"]
[Site "Torremolinos"]
[Date "1981.04.25"]
[Round "5"]
[White "Calvo Minguez, Ricardo"]
[Black "Marovic, Drazen"]
[Result "1-0"]
[WhiteElo "2410"]
[BlackElo "2445"]
[PlyCount "77"]
[EventDate "1981.04.21"]
[EventType "tourn"]
[EventRounds "11"]
[EventCountry "ESP"]
[EventCategory "9"]
[SourceTitle "MCD"]
[Source "ChessBase"]
[SourceDate "1999.07.01"]
[SourceVersion "1"]
[SourceVersionDate "1999.07.01"]
[SourceQuality "1"]

1. c4 e6 2. g3 d5 3. Bg2 dxc4 4. Qa4+ Nd7 5. Qxc4 a6 6. d3 Ngf6 7. Nf3 b5 8. Qc2 Bb7 9. 0-0 c5 10. a4 Be7 11. Nc3 Qb6 12. axb5 axb5 13. Rxa8+ Bxa8 14. Qb3 Nd5 15. Nd2 Nxc3 16. bxc3 Bxg2 17. Kxg2 0-0 18. Ne4 Qc6 19. f3 Nb6 20. c4 b4 21. Bb2 f5 22. Nd2 Ra8 23. Ra1 Bg5 24. Qc2 Na4 25. Be5 Bf6 26. Bxf6 gxf6 27. Nb3 Kg7 28. Qd2 e5 29. e4 fxe4 30. dxe4 Nb6 31. Rxa8 Nxa8 32. Qd8 Nc7 33. Qe7+ Kg6 34. Nxc5 Kh6 35. Qf8+ Kg6 36. Qg8+ Kh6 37. Nd3 Ne6 38. Nf2 Ng7 39. Qf7 1-0

[Event "Medina del Campo"]
[Site "Medina del Campo"]
[Date "1980.11.02"]
[Round "6"]
[White "Marovic, Drazen"]
[Black "Giorgadze, Tamaz"]
[Result "1/2-1/2"]
[WhiteElo "2460"]
[BlackElo "2540"]
[PlyCount "30"]
[EventDate "1980.??.??"]
[EventType "tourn"]
[EventRounds "9"]
[EventCountry "ESP"]
[EventCategory "9"]
[SourceTitle "EXT 2002"]
[Source "ChessBase"]
[SourceDate "2001.11.25"]
[SourceVersion "1"]
[SourceVersionDate "2001.11.25"]
[SourceQuality "1"]

1. d4 Nf6 2. c4 c5 3. d5 b5 4. cxb5 a6 5. bxa6 Bxa6 6. Nc3 d6 7. Nf3 g6 8. g3 Bg7 9. Bg2 0-0 10. 0-0 Nbd7 11. Qc2 Qa5 12. Rd1 Rfb8 13. h3 Nb6 14. Nd2 c4 15. Nde4 Nbd7 1/2-1/2

[Event "Medina del Campo"]
[Site "Medina del Campo"]
[Date "1980.10.27"]
[Round "1"]
[White "Calvo Minguez, Ricardo"]
[Black "Marovic, Drazen"]
[Result "0-1"]
[WhiteElo "2420"]
[BlackElo "2460"]
[PlyCount "90"]
[EventDate "1980.??.??"]
[EventType "tourn"]
[EventRounds "9"]
[EventCountry "ESP"]
[EventCategory "9"]
[SourceTitle "EXT 2002"]
[Source "ChessBase"]
[SourceDate "2001.11.25"]
[SourceVersion "1"]
[SourceVersionDate "2001.11.25"]
[SourceQuality "1"]

1. e4 c6 2. d3 d5 3. Nd2 Qc7 4. g3 dxe4 5. Nxe4 Nd7 6. Bg2 Ngf6 7. Ne2 Nxe4 8. Bxe4 g6 9. 0-0 Bg7 10. Bg2 0-0 11. Re1 e5 12. a4 a5 13. Be3 Nf6 14. Bc5 Rd8 15. Nc3 Nd5 16. Ne4 b6 17. Ba3 Bb7 18. Qf3 f5 19. Ng5 Re8 20. h4 h6 21. Nh3 Nf6 22. c4 Rad8 23. Rad1 e4 24. dxe4 c5 25. Qf4 Qc6 26. b3 Kh7 27. Bc1 Rd4 28. Rxd4 cxd4 29. f3 Nh5 30. Qd2 fxe4 31. fxe4 Nxg3 32. Nf4 Nxe4 33. Rxe4 Rxe4 34. h5 Qe8 35. hxg6+ Kg8 36. Bxe4 Qxe4 37. Kf1 Qh1+ 38. Ke2 Qf3+ 39. Ke1 Bf6 40. Qf2 Qxb3 41. Nd5 Bxd5 42. cxd5 Qb4+ 43. Qd2 Bh4+ 44. Kf1 Qc4+ 45. Kg1 Bg5 0-1

[Event "Linares-02"]
[Site "Linares"]
[Date "1979.11.??"]
[Round "?"]
[White "Kortschnoj, Viktor Lvovich"]
[Black "Marovic, Drazen"]
[Result "0-1"]
[WhiteElo "2695"]
[BlackElo "2470"]
[PlyCount "63"]
[EventDate "1979.11.??"]
[EventType "tourn"]
[EventRounds "11"]
[EventCountry "ESP"]
[SourceTitle "EXT 2002"]
[Source "ChessBase"]
[SourceDate "2001.11.25"]
[SourceVersion "1"]
[SourceVersionDate "2001.11.25"]
[SourceQuality "1"]

1. c4 c6 2. Nf3 d5 3. e3 Nf6 4. Nc3 e6 5. b3 Be7 6. Bb2 0-0 7. d4 c5 8. Bd3 cxd4 9. exd4 Nc6 10. 0-0 b6 11. Qe2 Nb4 12. Bb1 Bb7 13. Rd1 Re8 14. Ne5 Bf8 15. Bc1 h6 16. Qf3 Rc8 17. Qg3 Nh5 18. Qf3 Nf6 19. Qg3 Nh5 20. Qh3 Nf6 21. g4 dxc4 22. g5 Nd7 23. gxh6 Nxe5 24. dxe5 Qc7 25. Bh7+ Kxh7 26. hxg7+ Kxg7 27. Rd4 f5 28. exf6+ Kxf6 29. Qh4+ Kf7 30. Qh7+ Bg7 31. Bh6 Rg8 32. Nb5 0-1

[Event "YUG Team-ch31"]
[Site "Donji Milanovac"]
[Date "1979.08.27"]
[Round "1.1"]
[White "Marovic, Drazen"]
[Black "Rajkovic, Dusan"]
[Result "0-1"]
[WhiteElo "2470"]
[BlackElo "2490"]
[PlyCount "110"]
[EventDate "1979.08.27"]
[EventType "team-tourn"]
[EventRounds "9"]
[EventCountry "YUG"]
[SourceTitle "EXT 2010"]
[Source "ChessBase"]
[SourceDate "2010.11.25"]
[SourceVersion "1"]
[SourceVersionDate "2010.11.25"]
[SourceQuality "1"]
[WhiteTeam "Zagreb PTT"]
[BlackTeam "Smederevska Palanka"]
[WhiteTeamCountry "YUG"]
[BlackTeamCountry "YUG"]

1. c4 c5 2. Nf3 Nf6 3. Nc3 b6 4. d4 cxd4 5. Nxd4 Bb7 6. f3 e6 7. e4 d6 8. Be3 Be7 9. Be2 0-0 10. 0-0 a6 11. Qd2 Nbd7 12. Rfd1 Qc7 13. Rac1 Rfe8 14. Bf2 Rac8 15. g4 Qb8 16. Nc2 h6 17. h4 d5 18. cxd5 exd5 19. exd5 Bc5 20. Nd4 b5 21. g5 hxg5 22. hxg5 Nxd5 23. Nxd5 Bxd5 24. b4 Bxd4 25. Qxd4 Rxc1 26. Rxc1 Qb7 27. Rd1 Bc6 28. Re1 Ne5 29. Bd1 Qc7 30. Qc5 Qd7 31. f4 Bf3 32. Rxe5 Rxe5 33. Qxe5 Qg4+ 34. Kf1 Qg2+ 35. Ke1 Qh1+ 36. Kd2 Qxd1+ 37. Kc3 Qc1+ 38. Kd3 Qc4+ 39. Kd2 Qxa2+ 40. Ke1 Qb1+ 41. Kd2 Qd1+ 42. Kc3 Qc1+ 43. Kb3 Qc4+ 44. Ka3 Qd3+ 45. Ka2 Bd5+ 46. Kb2 Qd2+ 47. Kb1 Ba2+ 48. Ka1 Qxf2 49. Qe8+ Kh7 50. Qe4+ g6 51. f5 Qxf5 52. Qh4+ Kg8 53. Kxa2 Qc2+ 54. Ka3 Qa4+ 55. Kb2 a5 0-1

[Event "Banja Luka"]
[Site "Banja Luka"]
[Date "1979.04.25"]
[Round "15"]
[White "Hernandez Onna, Roman"]
[Black "Marovic, Drazen"]
[Result "1/2-1/2"]
[WhiteElo "2500"]
[BlackElo "2470"]
[PlyCount "22"]
[EventDate "1979.04.11"]
[EventType "tourn"]
[EventRounds "15"]
[EventCountry "YUG"]
[EventCategory "10"]
[SourceTitle "EXT 1999"]
[Source "ChessBase"]
[SourceDate "1998.11.16"]
[SourceVersion "1"]
[SourceVersionDate "1998.11.16"]
[SourceQuality "1"]

1. c4 c5 2. Nf3 Nf6 3. g3 g6 4. Bg2 Bg7 5. 0-0 0-0 6. Nc3 Nc6 7. d4 d6 8. dxc5 dxc5 9. Bf4 Nd4 10. Be5 Nc6 11. Bf4 Nd4 1/2-1/2

[Event "Banja Luka"]
[Site "Banja Luka"]
[Date "1979.04.17"]
[Round "7"]
[White "Andersson, Ulf"]
[Black "Marovic, Drazen"]
[Result "1-0"]
[WhiteElo "2560"]
[BlackElo "2470"]
[PlyCount "85"]
[EventDate "1979.04.11"]
[EventType "tourn"]
[EventRounds "15"]
[EventCountry "YUG"]
[EventCategory "10"]
[SourceTitle "EXT 1999"]
[Source "ChessBase"]
[SourceDate "1998.11.16"]
[SourceVersion "1"]
[SourceVersionDate "1998.11.16"]
[SourceQuality "1"]

1. c4 f5 2. Nc3 Nf6 3. g3 g6 4. Bg2 Bg7 5. d4 0-0 6. Nf3 d6 7. 0-0 c6 8. d5 e5 9. dxe6 Bxe6 10. Qd3 Na6 11. Bf4 d5 12. Ng5 Nc5 13. Qc2 d4 14. Na4 Nfd7 15. Rad1 Qe7 16. Nxc5 Nxc5 17. b4 Nd7 18. e3 dxe3 19. Rfe1 h6 20. Nxe6 Qxe6 21. Rxe3 Qf7 22. b5 Rac8 23. bxc6 bxc6 24. Red3 Ne5 25. Rd6 Rfe8 26. Bxe5 Bxe5 27. Rxc6 Kg7 28. Rxc8 Rxc8 29. Bd5 Qe7 30. Re1 Qd6 31. Qa4 Bd4 32. Re6 Qd8 33. Qa6 Bb6 34. Qa3 Rc7 35. Qb2+ Kh7 36. Qe5 Qh8 37. Qxh8+ Kxh8 38. Rxg6 Re7 39. Rxh6+ Kg7 40. Re6 Rxe6 41. Bxe6 Kf6 42. Bd7 Bc5 43. Kg2 1-0

[Event "Banja Luka"]
[Site "Banja Luka"]
[Date "1979.04.14"]
[Round "4"]
[White "Marovic, Drazen"]
[Black "Knezevic, Milorad"]
[Result "1/2-1/2"]
[WhiteElo "2470"]
[BlackElo "2500"]
[PlyCount "34"]
[EventDate "1979.04.11"]
[EventType "tourn"]
[EventRounds "15"]
[EventCountry "YUG"]
[EventCategory "10"]
[SourceTitle "EXT 1999"]
[Source "ChessBase"]
[SourceDate "1998.11.16"]
[SourceVersion "1"]
[SourceVersionDate "1998.11.16"]
[SourceQuality "1"]

1. d4 c6 2. c4 d5 3. Nf3 Nf6 4. Nc3 g6 5. e3 Bg7 6. Be2 0-0 7. 0-0 dxc4 8. Bxc4 Bg4 9. h3 Bxf3 10. Qxf3 Nbd7 11. Rd1 e5 12. d5 Qc7 13. dxc6 Qxc6 14. Qxc6 bxc6 15. e4 Rfd8 16. Be3 Bf8 17. f3 Bc5 1/2-1/2

[Event "Banja Luka"]
[Site "Banja Luka"]
[Date "1979.04.12"]
[Round "2"]
[White "Marovic, Drazen"]
[Black "Smejkal, Jan"]
[Result "1/2-1/2"]
[WhiteElo "2470"]
[BlackElo "2550"]
[PlyCount "39"]
[EventDate "1979.04.11"]
[EventType "tourn"]
[EventRounds "15"]
[EventCountry "YUG"]
[EventCategory "10"]
[SourceTitle "EXT 1999"]
[Source "ChessBase"]
[SourceDate "1998.11.16"]
[SourceVersion "1"]
[SourceVersionDate "1998.11.16"]
[SourceQuality "1"]

1. d4 Nf6 2. c4 g6 3. Nc3 d5 4. Nf3 Bg7 5. Bg5 Ne4 6. cxd5 Nxg5 7. Nxg5 e6 8. Qd2 h6 9. Nh3 exd5 10. Nf4 Nc6 11. e3 Ne7 12. g3 0-0 13. Bg2 c6 14. 0-0 Bf5 15. b4 a6 16. a4 Nc8 17. b5 axb5 18. axb5 Nd6 19. Rfe1 Re8 20. Bf1 1/2-1/2

[Event "Osijek"]
[Site "Osijek"]
[Date "1978.04.18"]
[Round "10"]
[White "Marovic, Drazen"]
[Black "Ivkov, Borislav"]
[Result "1/2-1/2"]
[WhiteElo "2455"]
[BlackElo "2515"]
[PlyCount "33"]
[EventDate "1978.04.07"]
[EventType "tourn"]
[EventRounds "13"]
[EventCountry "YUG"]
[EventCategory "9"]
[SourceTitle "EXT 2010"]
[Source "ChessBase"]
[SourceDate "2010.11.25"]
[SourceVersion "1"]
[SourceVersionDate "2010.11.25"]
[SourceQuality "1"]

1. d4 Nf6 2. c4 e6 3. Nf3 b6 4. g3 Bb7 5. Bg2 Be7 6. 0-0 0-0 7. Nc3 Ne4 8. Qc2 Nxc3 9. Qxc3 c5 10. b3 Bf6 11. Bb2 d6 12. Rad1 Qe7 13. Qd2 Rd8 14. Rfe1 Nc6 15. e4 e5 16. d5 Nd4 17. Nxd4 1/2-1/2

[Event "Osijek"]
[Site "Osijek"]
[Date "1978.04.09"]
[Round "3"]
[White "Marovic, Drazen"]
[Black "Velimirovic, Dragoljub"]
[Result "1-0"]
[WhiteElo "2455"]
[BlackElo "2520"]
[PlyCount "103"]
[EventDate "1978.04.07"]
[EventType "tourn"]
[EventRounds "13"]
[EventCountry "YUG"]
[EventCategory "9"]
[SourceTitle "EXT 2010"]
[Source "ChessBase"]
[SourceDate "2010.11.25"]
[SourceVersion "1"]
[SourceVersionDate "2010.11.25"]
[SourceQuality "1"]

1. Nf3 c5 2. c4 g6 3. d4 cxd4 4. Nxd4 Bg7 5. e4 Nc6 6. Be3 Nf6 7. Nc3 Ng4 8. Qxg4 Nxd4 9. Qd1 Ne6 10. Qd2 d6 11. Rc1 a5 12. Be2 Bd7 13. 0-0 Bc6 14. f3 0-0 15. b3 Nc5 16. Rfd1 Qb6 17. Nd5 Bxd5 18. cxd5 Rfc8 19. Rc4 Qd8 20. Rdc1 b5 21. Rxc5 dxc5 22. Bxb5 Bd4 23. Bc6 Rab8 24. Bxd4 cxd4 25. Qxd4 Qd6 26. Rc2 Rb4 27. Qc3 a4 28. e5 Qb8 29. bxa4 Rxa4 30. Qd2 Qb6+ 31. Kf1 Rd4 32. Rb2 Qc5 33. Qe2 Rc4 34. g3 e6 35. Bd7 Rc1+ 36. Kg2 Rg1+ 37. Kh3 Rc7 38. dxe6 Kg7 39. Rd2 fxe6 40. f4 Qe7 41. Ba4 Qb4 42. Bb3 Rc3 43. Rd7+ Kh6 44. Kg4 Rc6 45. Qe3 Qe1 46. Qxe1 Rxe1 47. Re7 Rec1 48. Bxe6 Rc7 49. Re8 R1c2 50. h3 R7c3 51. Kh4 Kg7 52. Rg8+ 1-0

[Event "Osijek"]
[Site "Osijek"]
[Date "1978.04.08"]
[Round "2"]
[White "Smederevac, Petar"]
[Black "Marovic, Drazen"]
[Result "1/2-1/2"]
[WhiteElo "2335"]
[BlackElo "2455"]
[PlyCount "32"]
[EventDate "1978.04.07"]
[EventType "tourn"]
[EventRounds "13"]
[EventCountry "YUG"]
[EventCategory "9"]
[SourceTitle "EXT 2010"]
[Source "ChessBase"]
[SourceDate "2010.11.25"]
[SourceVersion "1"]
[SourceVersionDate "2010.11.25"]
[SourceQuality "1"]

1. e4 e6 2. d4 d5 3. Nd2 c5 4. exd5 exd5 5. Ngf3 Nc6 6. Bb5 Bd6 7. 0-0 Nge7 8. dxc5 Bxc5 9. Nb3 Bd6 10. c3 0-0 11. h3 Bf5 12. Nbd4 Bg6 13. Re1 Qc7 14. Bd3 a6 15. Bxg6 hxg6 16. Be3 Rad8 1/2-1/2